Cơ sở hóa học lượng tử

Nội dung sách gồm 11 chương đi từ cơ sở của cơ học lượng tử đến ứng dụng của nó cho hệ thống cấu tạo nguyên tử, từ bài toán đơn giản là phân tử hiđro đến các phương pháp tính gần đúng phổ cập hiện nay......

ver descrição completa

Na minha lista:
Detalhes bibliográficos
Autor principal: Lâm, Ngọc Thiềm
Formato: Livro
Idioma:Undetermined
Publicado em: Hà Nội Khoa học và Kỹ thuật 2007
Assuntos:
Tags: Adicionar Tag
Sem tags, seja o primeiro a adicionar uma tag!
Thư viện lưu trữ: Trung tâm Học liệu Trường Đại học Cần Thơ
LEADER 00980nam a2200205Ia 4500
001 CTU_148736
008 210402s9999 xx 000 0 und d
020 |c 64000 
082 |a 541.28 
082 |b Th304 
100 |a Lâm, Ngọc Thiềm 
245 0 |a Cơ sở hóa học lượng tử 
245 0 |c Lâm Ngọc Thiềm ( chủ biên ), Phạm Văn Nhiêu, Lê Kim Long 
260 |a Hà Nội 
260 |b Khoa học và Kỹ thuật 
260 |c 2007 
520 |a Nội dung sách gồm 11 chương đi từ cơ sở của cơ học lượng tử đến ứng dụng của nó cho hệ thống cấu tạo nguyên tử, từ bài toán đơn giản là phân tử hiđro đến các phương pháp tính gần đúng phổ cập hiện nay... 
650 |a Quantum chemistry,Hóa học lượng tử 
904 |i QHieu 
980 |a Trung tâm Học liệu Trường Đại học Cần Thơ